=LDR 00000nam 2200000 4500 =001 INLIS000000000023250 =005 20130612121926 =008 ***********************************Ind** =035 ##$$0010-061300000023250 =041 ##$$a Ind =082 ##$$a 331.12 =090 ##$$a 331.12, Bud p =100 ##$$a Budiandono, D =245 ##$$a Perencanaan dan penyelenggaran latihan, D. Budiandono =260 ##$$a 1986 $b Jakarta =300 ##$$a viii, 121 hlm, ilus, 21 cm =650 ##$$a Tenaga kerja =850 ##$$a NBPNMAT